000 01199nam a22003497a 4500
003 CHAP
005 20220329141455.0
008 971013s1989 r 00010 d
010 _a68751
011 _a69723
035 _a79201
040 _cCHAP
090 _aTesis
100 0 0 _aMorales Ortiz, Juana.
_978365
245 _aGerminación y establecimiento de Salicornia europaea L. en suelos del ex-Lago de Texcoco con diferente salinidad bajo condiciones de invernadero
260 _aChapingo, Méx. :
_bEl autor,
_c1989
300 _a60 h.
_b: gráfs.
500 _a31-146
502 _aTesis (Ing. Agrónomo Esp. en Suelos) -- UACH. Departamento de Sueloss
590 _aALEPH
_b10
_c20130110
_lUCH01
_h1406
590 _aBATCH-UPD
_b10
_c20130110
_lUCH01
_h0639
590 _aBATCH-UPD
_b10
_c20130110
_lUCH01
_h2338
590 _aCONVERSION
_b10
_c20130109
_lUCH01
_h1338
650 1 4 _aChenopodiaceae.
_922144
650 1 4 _aPlantas
_xEfecto de la sal.
_988817
650 1 4 _aSalicornia europaea.
_9101622
650 1 4 _aSuelos salinos.
_9110558
901 _aBK
942 _cFOLL
949 _bBC
_cTES
_d-32084
_eTS1
_h21697
_i79201
_si
949 _bBC
_cTES
_d-96129
_eTS2
_fc.2
_h2698
_i79201
_si
999 _c68751
_d68751